[Event "Mittelfranken-ch Seniors 53rd"]
[Site "Lauf"]
[Date "2004.04.09"]
[Round "5"]
[White "Tigges, Karl"]
[Black "Hopf, Max"]
[Result "1/2-1/2"]
[WhiteElo "1761"]
[BlackElo "1595"]
[PlyCount "103"]
[EventDate "2004.04.07"]
[EventType "swiss"]
[EventRounds "7"]
[EventCountry "GER"]
[SourceTitle "EXT 2006"]
[Source "ChessBase"]
[SourceDate "2005.11.24"]
[SourceVersion "1"]
[SourceVersionDate "2005.11.24"]
[SourceQuality "1"]

1. e4 e5 2. Nf3 d6 3. Bc4 Be7 4. d3 Nf6 5. c3 Nc6 6. a4 Be6 7. Qb3 Bxc4 8. Qxc4 0-0 9. b4 a6 10. Ba3 d5 11. exd5 Qxd5 12. Nbd2 Qxc4 13. Nxc4 e4 14. dxe4 Nxe4 15. Rc1 Rfe8 16. 0-0 b5 17. Nb2 Rad8 18. Rc2 Ng5 19. Nd2 Bd6 20. h4 Ne6 21. Ne4 Be7 22. g3 Ne5 23. Kg2 Nd3 24. Nxd3 Rxd3 25. axb5 axb5 26. Bc1 Red8 27. Re1 Kf8 28. Be3 Rc8 29. h5 c5 30. Rce2 cxb4 31. cxb4 Bxb4 32. Rb1 Be7 33. Rxb5 Nd4 34. Bxd4 Rxd4 35. Rb7 Re8 36. Kf3 Rd3+ 37. Re3 Rxe3+ 38. fxe3 Ba3 39. Ng5 Re7 40. Nxh7+ Kg8 41. Rxe7 Bxe7 42. Kf4 Kxh7 43. g4 Bb4 44. g5 Bd2 45. Kf3 f6 46. gxf6 gxf6 47. e4 Kh6 48. Kg4 Bc3 49. Kh4 Be1+ 50. Kg4 Bd2 51. Kf5 Bg5 52. Kg4 1/2-1/2